000 01544 a2200253 4500
001 128
005 20260407155413.0
008 260407a2008 arg spa d
003 AR-UNSa-BCEJYS
040 _aAR-UNSa-BCEJYS
_bspa
_cAR-UNSa-BCEJYS
080 _a378.14
_xOrganización y estructuración de los estudios( Educación a distancia...)
245 1 0 _aLa educación a distancia en el ambito de la educación superior
_pLas nuevas tecnologías de información y comunicación (TIC´s)
020 _a978-987-1527-03-8
250 _a1a. ed
264 1 _aBuenos Aires :
_bCroquis
_c2008
300 _a149 p.
_c21 cm
505 _a1. Modelo integral para el aseguramiento de la calidad en Educación Superior virtual a distancia - 2. Un modelo de Evaluación en los procesos de Educación Superior a distancia en el ámbito de las Ciencias Económicas - 3. Los materiales didácticos y su rol en los procesos de enseñanza y aprendizaje en Educación a distancia - 4. Un espacio común de Educación Superior a distancia (ECOESAD) un proyecto para la conformación de una Universidad Pública Nacional en México - 5. Discusiones y acuerdos federales sobre el nuevo marco para la Educación con modalidad a distancia
041 _aspa
942 _cBK
590 _aniveau_biblio:m niveau_hierar:0
100 1 _aMonserrat Llairó, María de
700 1 _aPalacio, Priscila
856 4 1 _uhttps://biblioeco.unsa.edu.ar/pmb/images/libros/La educacion a distancia en el ambito de la educacion superior-l117405.jpg
_yImagen de portada
_qimage/jpeg
999 _c99
_d99